Представление документа в формате MARC21

Поле Инд. ПП Название Значение
Тип записи a
Библиографический уровень
001 Контрольный номер 921a313182b5466ba8f557e439a38b67
005 Дата корректировки 20260409104324.9
020 c Цена, тираж 380-00
084 a Индекс другой классификации/Индекс ББК 81.432.1
090 a Полочн. индекс 81.432.1
c Каталожный индекс 81.432.1
x Авторский знак А 64
091 i Возрастная адресация (DOS) 0+
097 b Оператор Сунагатуллина
245 10 a Заглавие Английский для самых маленьких
b Продолж. заглавия [0+]
260 a Место издания Москва
b Издательство АСТ
c Дата издания 2021
300 a Объем 64 с.
b Иллюстрации/ тип воспроизводства ил.
440 _0 a Серия Развиваем суперспособности у малышей
653 0_ a Ключевые слова английский язык для маленьких; английский язык для малышей; английский язык для детей; английский язык самоучитель
900 a Имя макрообъекта о1577651
901 t Тип документа m